Les 20 villes les plus peuplées des Deux-Sèvres (79) - Statistiques

Statistiques générales
  • Ce quiz a été pris 34 fois
  • Le résultat moyen est 9 sur 20
Statistiques - réponses
HINT HINT ANSWER % Correct
19 860 B Bressuire
100%
60 074 N Niort
100%
10 121 P Parthenay
93%
13 949 T Thouars
90%
7 433 S Saint-Maixent-l'École
66%
8 585 M Mauléon
62%
5 790 M Mellé
62%
3 834 C Celles-sur-Belle
45%
3 536 É Échiré
45%
7 173 C Chauray
41%
3 295 A Airvault
31%
5 423 A Aiffres
28%
5 681 L La Crèche
28%
3 538 V Vouillé
28%
4 795 C Cerizay
24%
5 529 N Nueil-les-Aubiers
24%
3 229 A Argentonnay
14%
2 968 F Frontenay-Rohan-Rohan
10%
5 100 M Moncoutant-sur-Sèvre
10%
4 685 A Aigondigné
0%
Aucun quiz correspondant
Distribution des résultats
% des personnes avec chaque résultat
Percentile par nombre de réponses
Votre historique - résultats
Vous n’avez pas pris ce quiz